000 00636nam a2200229Ia 4500
003 OSt
005 20220923230749.0
006 a|||||r|||| 00| 0
007 ta
008 Pun
024 _a305,371
037 _cTextual
040 _aARTS
_cARTS
_bPun
041 _2Pun
_aPun
082 _aQ8441:332wI79, 153L9
100 _aਸੀਤਲ, ਧਨਵੰਤ ਸਿੰਘ
_9156315
245 0 _aਸਤਿਗੁਰ ਅਮਰ ਪੁFਪਾਂਜਲੀ
260 _c1979
650 _aਧਰਮ
942 _hQ8441:332wI79, 153L9
_cTEXL
_2CC
999 _c387173
_d387173